Geography of Turkey #2 - Statistics

General Stats
  • This quiz has been taken 504 times
  • The average score is 14 of 20
Answer Stats
Question Answer % Correct
What sea does the northern coast of Turkey border? Black Sea
93%
Which two European countries does Turkey border? Greece
92%
What is the tallest mountain in Turkey, thought to be the landing place of Noah's ark? Mount Ararat
91%
What is the name for meat cooked on a vertical spit? Doner {Kebab}
88%
Which two European countries does Turkey border? Bulgaria
87%
What seaside locale, formerly known as Smyrna, is the third largest city in Turkey? İzmir
83%
On what strait does Istanbul lie? Bosphorus
82%
What is the Sultan Ahmed Mosque commonly known as? The {Blue} Mosque
76%
What country shares only 9 kilometres of land border with Turkey? Azerbaijan
74%
What person is buried in the mausoleum of Anıtkabir in Ankara? Mustafa Kemal Atatürk
70%
What ancient city was the site of Homer's "Iliad"? Troy
70%
What is the national animal of Turkey? Gray {Wolf}
67%
What Turkish peninsula was site of a failed ANZAC invasion? Gallipoli
62%
What resort town is the biggest Turkish city along the Mediterranean coast? Antalya
57%
What strait is located between the above and Anatolia? Dardanelles
57%
What city, starting with B, was the first major capital of the Ottoman Empire? Bursa
51%
What mountain range, along the Mediterranean coast, has the namesake of an astrological (zodiac) sign? {Taurus} Mountains
46%
What is the biggest city entirely located in the European Turkey, the last Ottoman capital before Constantinople? Edirne
40%
What "colourful" river is the longest in Turkey, known as "Kızılırmak" in Turkish? Red River
39%
By what other name is the Anatolian Peninsula known? Asia Minor
35%
No matching quizzes found
Score Distribution
Percent of People with Each Score
Percentile by Number Answered
Your Score History
You have not taken this quiz